La oveja negra (Registro nro. 11122)

Detalles MARC
000 -LEADER
fixed length control field 00819nam a2200277 b 4500
001 - CONTROL NUMBER
control field 0000599
003 - CONTROL NUMBER IDENTIFIER
control field DO-SdBNP
005 - DATE AND TIME OF LATEST TRANSACTION
control field 20160808151616.0
007 - PHYSICAL DESCRIPTION FIXED FIELD--GENERAL INFORMATION
fixed length control field 0000599
008 - FIXED-LENGTH DATA ELEMENTS--GENERAL INFORMATION
fixed length control field 040607s 2007 sp a ||| ||spa
017 ## - COPYRIGHT OR LEGAL DEPOSIT NUMBER
Copyright or legal deposit number
Assigning agency
020 ## - INTERNATIONAL STANDARD BOOK NUMBER
International Standard Book Number 9788466369800
035 ## - SYSTEM CONTROL NUMBER
System control number
040 ## - CATALOGING SOURCE
Original cataloging agency BPMSU
Language of cataloging spa
Transcribing agency BPMSU
Description conventions
080 #0 - UNIVERSAL DECIMAL CLASSIFICATION NUMBER
Universal Decimal Classification number
100 ## - MAIN ENTRY--PERSONAL NAME
Personal name Monterroso, Augusto
Dates associated with a name 1921-2003
245 13 - TITLE STATEMENT
Title La oveja negra
Remainder of title y demás fábulas /
Medium
Statement of responsibility, etc. Augusto Monterroso
260 ## - PUBLICATION, DISTRIBUTION, ETC. (IMPRINT)
Place of publication, distribution, etc. Madrid :
Name of publisher, distributor, etc. Santillana ediciones generales,
Date of publication, distribution, etc. 2007.
300 ## - PHYSICAL DESCRIPTION
Extent 74 p. :
Other physical details il.
Dimensions 19 cm
490 ## - SERIES STATEMENT
Series statement Punto de lectura
Volume/sequential designation 205 / 1
500 ## - GENERAL NOTE
General note Incluye datos biográficos del autor.
500 ## - GENERAL NOTE
General note Incluye índice onomástico y geográfico.
830 ## - SERIES ADDED ENTRY--UNIFORM TITLE
Uniform title Punto de lectura
Volume number/sequential designation 205 / 1
942 ## - ADDED ENTRY ELEMENTS (KOHA)
Source of classification or shelving scheme Dewey Decimal Classification
Koha item type Libros
956 ## - LOCAL ELECTRONIC LOCATION AND ACCESS (OCLC)
Host name Yngrid Lockward
Access number 10
Path BPMSU
Electronic name 00144
Existencias
Withdrawn status Lost status Source of classification or shelving scheme Damaged status Not for loan Collection code Home library Current library Date acquired Source of acquisition Total Checkouts Barcode Date last seen Price effective from Koha item type
    Dewey Decimal Classification       Biblioteca Pública Metropolitana Salomé Ureña Biblioteca Pública Metropolitana Salomé Ureña 08/08/2016 Alfaguara   BPMSU16080109 08/08/2016 08/08/2016 Libros